000
00311nam a22001217a 4500
008
160526b xxu||||| |||| 00| 0 eng d
020
_a
9780323077538
020
_a
9780323077538
041
_a
eng
080
_a
615
245
_a
Calculation of drug dosages:
_c
Sheila J. Ogden; Lind K. Fluharty;
942
_2
udc
_c
BK
999
_c
2433
_d
2433